[Event "AUTO-BEG-04"]
[Site "http://www.queenalice.com/game.php?id=17736"]
[Date "2005.6.28"]
[Round "1"]
[White "pedaladarobinho"]
[Black "DiegoAmorim"]
[Result "1-0"]
[WhiteElo "1371"]
[BlackElo "997"]

1. e4 c6 2. Qf3 Nf6 3. e5 Nd5 4. Bc4 e6 5. d3 Qa5+ 6. c3 f6 7. exf6 Nxf6 8. b4
Qa4 9. Bb3 Qb5 10. Be3 Qxd3 11. Bh6 Qc2 12. Bxc2 gxh6 13. Qxf6 Rg8 14. Bxh7 Rg7
15. Bg6+ Rxg6 16. Qxg6+ Ke7 17. Nf3 b5 18. Ne5 Kd6 19. Nf7+ Ke7 20. Nxh6 1-0

[Event "Challenge"]
[Site "http://www.queenalice.com/game.php?id=18605"]
[Date "2005.7.7"]
[Round "-"]
[White "DiegoAmorim"]
[Black "setho301"]
[Result "0-1"]
[WhiteElo "974"]
[BlackElo "1265"]

1. c3 e6 2. Nf3 d5 3. d3 c6 4. Na3 b5 5. Bg5 Be7 6. Qc1 a5 7. b4 a4 8. Qf4 e5 9.
Qh4 Nf6 10. Nxe5 Nbd7 11. d4 O-O 12. e3 Ra7 13. Bd3 Ne4 14. f4 Bxg5 15. Qg4 Ndf6
16. Qf3 Bg4 17. Nxg4 Bh4+ 18. Kf1 Nd2+ 19. Ke2 Nxf3 20. Kxf3 Nxg4 21. h3 Nxe3
22. Rhe1 Re8 23. Rxe3 Rae7 24. Nc2 Qd6 25. Rg1 a3 26. g3 Bf6 27. Rge1 g5 0-1

[Event "Challenge"]
[Site "http://www.queenalice.com/game.php?id=18769"]
[Date "2005.7.8"]
[Round "-"]
[White "DiegoAmorim"]
[Black "Checker"]
[Result "0-1"]
[WhiteElo "997"]
[BlackElo "1503"]

1. c3 e5 2. Nf3 e4 3. Nd4 c5 4. Nf5 g6 5. Ng3 f5 6. f4 d5 7. d4 Nc6 8. e3 cxd4
9. Qd2 dxe3 10. Qxe3 Be6 0-1

[Event "AUTO-BEG-05"]
[Site "http://www.queenalice.com/game.php?id=21915"]
[Date "2005.7.29"]
[Round "1"]
[White "ograum"]
[Black "DiegoAmorim"]
[Result "1-0"]
[WhiteElo "889"]
[BlackElo "995"]

1. d4 d5 2. e3 Nc6 3. Bb5 e6 4. Bxc6+ bxc6 5. Nf3 Bb4+ 6. c3 Ba5 7. O-O Ba6 8.
Re1 Nf6 9. b4 Bb6 10. a4 Bb7 11. a5 Ne4 12. Bb2 f6 13. Nbd2 O-O 14. Nxe4 dxe4
15. Nh4 Qe8 16. f3 f5 17. c4 Qh5 18. g3 Ba6 19. c5 Bxc5 20. dxc5 Rad8 21. Qb3
Rfe8 22. Red1 1-0

[Event "AUTO-BEG-05"]
[Site "http://www.queenalice.com/game.php?id=21916"]
[Date "2005.7.29"]
[Round "1"]
[White "DiegoAmorim"]
[Black "ograum"]
[Result "1-0"]
[WhiteElo "1014"]
[BlackElo "854"]

1. e4 e6 2. d4 d5 3. Nc3 c6 4. Nf3 Bb4 5. Bg5 f6 6. Bh4 Bxc3+ 7. bxc3 g5 8. Bg3
e5 9. Rb1 Bg4 10. dxe5 fxe5 11. Bxe5 Bxf3 12. Qxf3 Nd7 13. Qf5 a5 14. Bxh8 Nh6
15. Qxh7 Nf7 16. Rxb7 1-0

[Event "AUTO-BEG-05"]
[Site "http://www.queenalice.com/game.php?id=21937"]
[Date "2005.7.29"]
[Round "1"]
[White "reimlima"]
[Black "DiegoAmorim"]
[Result "1-0"]
[WhiteElo "826"]
[BlackElo "1027"]

1. e4 e5 2. d4 Bd6 3. Nc3 exd4 4. Qxd4 Nc6 5. Qa4 Nf6 6. f3 Be5 7. Nb5 O-O 8. g4
Nd4 9. Nxd4 c5 10. Nf5 a6 11. b4 Bxa1 12. bxc5 Qe8 13. Nd6 Qd8 14. Nh3 Re8 15.
Ng5 Qc7 16. Nxe8 Nxe8 17. Qc4 Nd6 18. Qd5 Bc3+ 19. Bd2 Qa5 20. Qxd6 Bxd2+ 21.
Ke2 Qxa2 22. Qe7 g6 23. Kxd2 Qa5+ 24. Kd1 b6 25. Qxf7+ Kh8 26. Qf8# 1-0

[Event "AUTO-BEG-05"]
[Site "http://www.queenalice.com/game.php?id=21938"]
[Date "2005.7.29"]
[Round "1"]
[White "DiegoAmorim"]
[Black "reimlima"]
[Result "0-1"]
[WhiteElo "939"]
[BlackElo "905"]

1. e4 e5 2. Nf3 d5 3. Nc3 Nc6 4. Nxd5 b5 5. Bxb5 Qd7 6. Nxe5 Qe6 7. Nxc7+ Kd8 8.
Nxe6+ Bxe6 9. Bxc6 Rc8 10. Qe2 Ne7 11. Qb5 a6 12. Qxa6 g6 13. Qb6+ Rc7 14. d3
Nc8 15. Bg5+ Be7 16. Qd4+ Nd6 17. h4 f6 18. Bh6 fxe5 19. Qxe5 Rxc6 20. Qxe6 Re8
21. O-O-O Ra6 22. Rh3 g5 23. hxg5 Bxg5+ 24. Bxg5+ Kc7 25. Qd5 Rb8 26. Rxh7+ Kc8
0-1